000 00721nam a2200265Ia 4500
005 20260121170005.0
008 008 260114s9999 xx 000 0 eng d
020 _a9783319444277
037 _aEBOOK
040 _aCRL
040 _beng
040 _cCRL
041 _2eng
041 _aeng
084 _qCRL
100 _aMarco Dorigo, Mauro Birattari, Xiaodong Li, Manuel López-Ibáñez, Kazuhiro Ohkura, Carlo Pinciroli, Thomas Stützle
_91058482
245 0 _aSwarm Intelligence
260 _bSpringer
260 _bSpringer
260 _c2016
856 _uhttps://link.springer.com/openurl?genre=book&isbn=978-3-319-44427-7
942 _cEBOOK
999 _c1624211
_d1624211